Doktor Zhivago.

Bibliographic Details
Main Author: Pasternak, Boris Leonidovich, 1890-1960
Format: Book
Language:Russian
Published: Milano : Feltrinelli, [1957]

MARC

Tag First Indicator Second Indicator Subfields
LEADER 00000cam a2200000 4500
001 in00001102521
005 20150930060925.0
008 800122s1957 it 000 0 rus d
035 |a (OCoLC)05903472 
035 |9 AFU7178AM 
040 |a PLF  |c PLF  |d m.c.  |d TXA  |d UtOrBLW 
049 |a TXAM 
090 |a PG3476.P27  |b D6 1957 
100 1 |a Pasternak, Boris Leonidovich,  |d 1890-1960. 
245 1 0 |a Doktor Zhivago. 
264 1 |a Milano :  |b Feltrinelli,  |c [1957] 
264 4 |c [©1957] 
300 |a 567 pages 
336 |a text  |b txt  |2 rdacontent 
337 |a unmediated  |b n  |2 rdamedia 
338 |a volume  |b nc  |2 rdacarrier 
500 |a Title romanized; text in Russian. 
500 |a In Cyrillic characters. 
999 |a MARS 
999 f f |s 9f0415cf-7548-3256-b68e-68959ea3f7b7  |i d9089ad6-32d7-3dc4-a518-b332249d3773  |t 0 
952 f f |p ric  |a Texas A&M University  |b Rellis Campus  |c Joint Library Facility  |s JLF  |d Remote Storage  |t 0  |e PG3476.P27 D6 1957  |h Library of Congress classification  |i unmediated -- volume  |m A14817279617 
998 f f |a PG3476.P27 D6 1957  |t 0  |l Remote Storage